Score 0/22 Timer 03:00
2 Plays Today
% Correct
Peter
96.7%
Cleveland
95.6%
Glenn
94.4%
Jesus
93.5%
Mayor Adam
92.7%
Evil
91.6%
Kool-Aid
90.9%
Joe
89.2%
Carter
87.6%
Greased-up
87.4%
Tricia
86.7%
% Correct
Tom
86.2%
Mort
85.4%
James
75%
Diane
71.8%
Connie
71.8%
Dr. Elmer
65.8%
Ollie
65%
Buzz
63.1%
John
43.5%
Jillian
42.6%
Seamus
35.9%
Remove Ads.
Support Sporcle.
Get the best of Sporcle when you Go Orange. This ad-free experience offers more features, more stats, and more fun while also helping to support Sporcle. Thank you for becoming a member.

You're not logged in!

Compare scores with friends on all Sporcle quizzes.
OR
Log In

Sporcle TV

Today on Sporcle TV


Watch our educational content, quiz creation guides, and fun videos on Sporcle TV.

Show Comments

Extras

Top Quizzes Today


Score Distribution

Paid Content

Your Account Isn't Verified!

In order to create a playlist on Sporcle, you need to verify the email address you used during registration. Go to your Sporcle Settings to finish the process.

Report this User

Report this user for behavior that violates our Community Guidelines.

Details: